The teaching of Christ. (Record no. 5034)

000 -LEADER
fixed length control field 00671nam a2200193 a 4500
001 - CONTROL NUMBER
control field :::00002775$&:&@@
003 - CONTROL NUMBER IDENTIFIER
control field OkBaRHE
005 - DATE AND TIME OF LATEST TRANSACTION
control field 20100401122120.0
008 - FIXED-LENGTH DATA ELEMENTS--GENERAL INFORMATION
fixed length control field s1913 j 000 0 eng u
040 ## - CATALOGING SOURCE
Transcribing agency
100 1# - MAIN ENTRY--PERSONAL NAME
Personal name Morgan, George Campbell.
245 14 - TITLE STATEMENT
Title The teaching of Christ.
260 ## - PUBLICATION, DISTRIBUTION, ETC. (IMPRINT)
Place of publication, distribution, etc Old Tappan, NJ., :
Name of publisher, distributor, etc Fleming H. Revell Company
Date of publication, distribution, etc 1913
300 ## - PHYSICAL DESCRIPTION
Extent 333 p. ;
Dimensions 21 cm.
650 ## - SUBJECT ADDED ENTRY--TOPICAL TERM
Topical term or geographic name as entry element Jesus Christ
General subdivision Teachings
942 ## - ADDED ENTRY ELEMENTS (KOHA)
Source of classification or shelving scheme
Koha item type Books
Copies
Source of classification or shelving scheme Damaged status Withdrawn status Permanent Location Price effective from Shelving location Full call number Date last seen Date acquired Koha item type Not for loan Lost status Copy number Barcode
   RHEMA Bible Training College2010-04-14General StacksBS 2415 .M6 19132018-03-162010-04-14Books  12775
   RHEMA Bible Training College2010-04-14General StacksBS 2415 .M6 19132018-03-162010-04-14Books  215538